Software Engineering / (Record no. 36864)

MARC details
000 -LEADER
fixed length control field 00461nam a22001697a 4500
005 - DATE AND TIME OF LATEST TRANSACTION
control field 20250216103942.0
008 - FIXED-LENGTH DATA ELEMENTS--GENERAL INFORMATION
fixed length control field 250216b |||||||| |||| 00| 0 eng d
020 ## - INTERNATIONAL STANDARD BOOK NUMBER
ISBN 9788177585308
082 ## - DEWEY DECIMAL CLASSIFICATION NUMBER
Classification number 005.1
Item number SOM-S
100 ## - MAIN ENTRY--AUTHOR
Author Name Sommerville, Ian
245 ## - TITLE STATEMENT
Title Software Engineering /
Statement of responsibility, etc. Ian Sommerville
260 ## - PUBLICATION, DISTRIBUTION, ETC.
Place of Publication india:
Name of publisher, distributor, etc. pearson;
Date of publication, distribution, etc. 2004.
300 ## - PHYSICAL DESCRIPTION
Pages xivv, 781 p. :
500 ## - GENERAL NOTE
General note include index.
650 ## - SUBJECT ADDED ENTRY--TOPICAL TERM
Subject / Department Software Engineering
300 ## - PHYSICAL DESCRIPTION
-- ill;
-- 24 cm.
952 ## - LOCATION AND ITEM INFORMATION (KOHA)
-- 0
-- 0
952 ## - LOCATION AND ITEM INFORMATION (KOHA)
-- 0
-- 0
952 ## - LOCATION AND ITEM INFORMATION (KOHA)
-- 0
-- 0
Holdings
Lost status Damaged status Collection code Permanent Location Current Location Shelving Location Date acquired Full Call Number Accession No./Barcode Date last seen Copy number item type Koha item type
    CS/IT Superior Information Resource Center (SIRC) Superior University- Central Library Superior Information Resource Center (SIRC) Superior University- Central Library Software Engineering 02/16/2025 005.1 SOM-S 2004 19089 02/16/2025 3 BOOK BOOK
    CS/IT Superior Information Resource Center (SIRC) Superior University- Gold Campus Superior Information Resource Center (SIRC) Superior University- Gold Campus Software Engineering 02/16/2025 005.1 SOM-S 2004 17983 02/22/2026 1 BOOK BOOK
    CS/IT Superior Information Resource Center (SIRC) Superior University- Gold Campus Superior Information Resource Center (SIRC) Superior University- Gold Campus Software Engineering 02/16/2025 005.1 SOM-S 2004 17984 02/04/2026 2 BOOK BOOK

Powered by Koha